| 000 | 01332cam a2200325 a 4500 | ||
|---|---|---|---|
| 999 |
_c22024 _d22024 |
||
| 001 | 3997609 | ||
| 003 | OSt | ||
| 005 | 20170123114644.0 | ||
| 008 | 960409s1996 nyu b 001 0 eng | ||
| 010 | _a 96017200 | ||
| 020 | _a0385316402 | ||
| 040 |
_aDLC _cDLC _dDLC |
||
| 043 | _an-us--- | ||
| 050 | 0 | 0 |
_aZ1037 _b.H646 1996 |
| 082 | 0 | 0 |
_a011.62 _220 |
| 100 | 1 |
_aHirsch, E. D. _q(Eric Donald), _d1928- |
|
| 245 | 1 | 0 |
_aBooks to build on : _ba grade-by-grade resource guide for parents and teachers / _cedited by John Holdren and E.D. Hirsch, Jr. |
| 260 |
_aNew York : _bDelta, _c1996. |
||
| 300 |
_axvi, 361 p. ; _c24 cm. |
||
| 440 | 4 | _aThe core knowledge series | |
| 500 | _aHirsch's name is prominently displayed on t.p. | ||
| 500 | _aIncludes index. | ||
| 650 | 0 |
_aChildren _xBooks and reading _zUnited States. |
|
| 700 | 1 | _aHoldren, John. | |
| 856 | 4 | 2 |
_3Publisher description _uhttp://www.loc.gov/catdir/enhancements/fy1510/96017200-d.html |
| 906 |
_a7 _bcbc _corignew _d1 _eocip _f19 _gy-gencatlg |
||
| 942 |
_2lcc _cBOOKS _hZ 1037 .H646 1996 |
||